LIBRARY & INFORMATION CENTRE, KCAET, TAVANUR

ONLINE PUBLIC ACCESS CATALOGUE (OPAC)

Research periodicals of colonial India 1780-1947, Vol 2 / (Record no. 5576)

MARC details
000 -LEADER
fixed length control field 00623cam a2200205ua 4500
041 ## - LANGUAGE CODE
Language code of text/sound track or separate title eng
082 ## - DEWEY DECIMAL CLASSIFICATION NUMBER
Classification number 011.34
Item number KUM/RE
100 ## - MAIN ENTRY--AUTHOR NAME
Personal name Kumar, R P .
245 ## - TITLE STATEMENT
Title Research periodicals of colonial India 1780-1947, Vol 2 /
250 ## - EDITION STATEMENT
Edition statement 1 /
260 ## - PUBLICATION, DISTRIBUTION, ETC. (IMPRINT)
Place of publication Jodhpur :
Name of publisher Academic Press ,
Year of publication 1985.
300 ## - PHYSICAL DESCRIPTION
Number of Pages 230 ;
Accompanying material CD ROM.
490 0# - SERIES STATEMENT
Series statement Academi series in Library and Information Science,
Volume number/sequential designation
942 ## - ADDED ENTRY ELEMENTS (KOHA)
Koha item type Books
Holdings
Withdrawn status Lost status Damaged status Home library Current library Date acquired Full call number Accession Number Koha item type
      KAUAET KAUAET 09/03/1987 011.34 16034 Reference
free website counter